000 00580nam a2200181Ia 4500
003 GCL
008 140319s9999 xx 000 0 ara d
040 _aGCL /
_cGCL
082 0 4 _a250
_bا س
100 1 _aاحمد بن عبدالحليم بن تيمية
245 1 0 _aالسياسة الشرعية فى اصلاح الراعى والرعية /
_cاحمد بن عبدالحليم بن تيمية
260 _a[S.N] :
_bدار الايمان
300 _a225 ص
490 _a
650 0 4 _aالاسلام
650 0 4 _aالشريعة الاسلامية
942 _2ddc
_cBK
999 _c53488
_d53488